| 000 | 01835cam a2200265 4500 | ||
|---|---|---|---|
| 001 | ABS65313 | ||
| 008 | 020418n2002 000 0 eng u | ||
| 035 | _a(Sirsi) u117560 | ||
| 100 | _aBarker, S | ||
| 245 | _aConstruction (Design and Management) Regulations 1994: the new Approved Code of Practice and Guidance | ||
| 260 | _c2002 | ||
| 490 |
_aBuilding Engineer _vMarch 2002, 38-40 |
||
| 490 |
_aBuilding Engineer _vApril 2002, 36-40(8) |
||
| 520 | _aTwo part article reviewing the new Approved Code of Practice and Guidance (ACoP) which came into force on 1 February 2002 has changed signficantly in form and content from previous editions with more emphasis on the role of the client. Part one sets out the purpose of the Construction (Design and Management) Regulations 1994 (CDM) and advises CDM duty holders and the construction industry to study and implement the new ACoP. Discusses the ACoP in relation to managing construction projects and looks at the role of clients, designers and planning supervisors. Part two discusses the ACoP in respect of principal contractors, contractors, contractors, competance and resources, information and training involving the workforce, health and safety plans and files. Concludes that it is a clear and comprehensive document which will greatly assist CDM duty holders as it aims to reduce bureaucracy and promote project specific documentation for management of Health and Safety. | ||
| 590 | _aABS | ||
| 650 | _aCONSTRUCTION (DESIGN AND MANAGEMENT) REGULATIONS 1994 | ||
| 650 | _aCLIENTS | ||
| 650 | _aAPPROVED CODE OF PRACTICE | ||
| 650 | _aCONSTRUCTION PROJECTS | ||
| 650 | _aPLANNING SUPERVISORS | ||
| 650 | _aDESIGNERS | ||
| 650 | _aCONSTRUCTION (DESIGN AND MANAGEMENT) REGULATIONS 1994 | ||
| 690 | _aBUILT ENVIRONMENT-BUILDING STANDARDS | ||
| 942 | _n0 | ||
| 999 |
_c70007 _d70007 |
||